000 01094cam a2200181 a 4500
020 _a0813015162 (cloth : acidfree paper)
040 _cDLC
082 0 0 _a712 UPF 1997 C148 Or.
_aB
100 1 _aJackson, Faith Reyher,
245 1 0 _aPioneer of tropical landscape architecture :
_bWilliam Lyman Phillips in Florida /
246 3 0 _aTropical landscape architecture.
260 _aGainesville :
_bUniversity Press of Florida,
_cc1997.
300 _axxi, 274 p. :
_bill., plans, ports. ;
_c23 cm.
520 _a"William Lyman Phillips (1885-1966) played a seminal role in the landscaping of Florida and in the history of landscape architecture, designing the world famous Fairchild Tropical Garden in Miami (begun in 1938) as well as hundreds of other sites, four of them on the National Register. This biography, brings to life the story of the quiet, self-effacing man whose love of Florida's tropical and subtropical botany has had such a profound influence on the way Florida looks today."--BOOK JACKET.
650 0 _aLandscape architects
650 0 _aLandscape architecture
942 _cAEDBB
999 _c18580
_d18580